Top 50 Largest Cities in Each Country Beginning With 'A' - Statistics

General Stats
  • This quiz has been taken 382 times
    380 since last reset
  • The average score is 29 of 50
Answer Stats
# Population Country Answer % Correct
7 5,200,000 Turkey Ankara
99%
4 6,100,000 Egypt Alexandria
98%
11 3,550,000 Greece Athens
98%
3 6,350,000 Ghana Accra
97%
9 4,175,000 Algeria Algiers
97%
14 2,500,000 Netherlands Amsterdam
97%
8 4,600,000 Ethiopia Addis Ababa
96%
6 5,850,000 Jordan Amman
95%
22 1,450,000 New Zealand Auckland
95%
18 1,740,000 United Arab Emirates Abu Dhabi
94%
23 1,410,000 Australia Adelaide
94%
15 2,450,000 Paraguay Asunción
93%
10 4,100,000 Nigeria Abuja
92%
25 1,230,000 Belgium Antwerp
92%
12 2,950,000 Madagascar Antananarivo
90%
4 6,100,000 United States Atlanta
89%
1 9,300,000 India Ahmedabad
87%
13 2,550,000 Kazakhstan Almaty
87%
2 6,550,000 Cote d'Ivoire Abidjan
86%
17 1,900,000 Syria Aleppo
85%
20 1,530,000 Turkmenistan Ashgabat
84%
28 1,020,000 Eritrea Asmera
78%
45 285,273 Denmark Aarhus
74%
32 588,938 Yemen Aden
65%
33 573,200 Germany Aachen
63%
34 495,405 Spain Alicante
63%
24 1,280,000 Morocco Agadir
60%
47 236,000 United Kingdom Aberdeen
57%
27 1,170,000 Peru Arequipa
55%
19 1,700,000 Philippines Angeles
52%
16 2,350,000 China Ānshān
46%
26 1,200,000 Mexico Aguascalientes
39%
21 1,480,000 Iran Ahvaz
38%
36 459,533 France Avignon
38%
35 475,629 Russia Astrakhan
34%
31 617,361 Tanzania Arusha
31%
39 352,638 Chile Antofagasta
30%
29 1,010,000 Brazil Aracaju
24%
49 208,961 Canada Abbotsford-Mission
23%
48 225,975 Israel Ashdod
18%
30 717,345 South Korea Ansan
16%
50 207,989 Pakistan Abbottābad
15%
37 458,500 Uzbekistan Andijan
13%
44 300,200 Colombia Armenia
9%
43 305,984 Indonesia Ambon
8%
41 329,306 Japan Asahikawa
5%
40 334,290 Saudi Arabia Abhā
4%
42 307,788 Puerto Rico Aguadilla-Isabela
4%
38 356,700 Venezuela Acarigua-Araure
3%
46 254,800 Malaysia Alor Setar
3%
No matching quizzes found
Score Distribution
Percent of People with Each Score
Percentile by Number Answered
Your Score History
You have not taken this quiz since the last reset